UBT Library

Environmental audits / (Record no. 41364)

000 -LEADER
fixed length control field 00796cam a2200253 a 4500
001 - CONTROL NUMBER
control field 1039244
005 - DATE AND TIME OF LATEST TRANSACTION
control field 20180131050803.0
008 - FIXED-LENGTH DATA ELEMENTS--GENERAL INFORMATION
fixed length control field 890830s1989 mdua b 000 0 eng
010 ## - LIBRARY OF CONGRESS CONTROL NUMBER
LC control number 89081065
020 ## - INTERNATIONAL STANDARD BOOK NUMBER
International Standard Book Number 0865877769
040 ## - CATALOGING SOURCE
Original cataloging agency DLC
Transcribing agency DLC
Modifying agency DLC
041 ## - LANGUAGE CODE
Language code of text/sound track or separate title eng
043 ## - GEOGRAPHIC AREA CODE
Geographic area code n-us---
051 ## - LIBRARY OF CONGRESS COPY, ISSUE, OFFPRINT STATEMENT
Classification number HC110.E5
Item number C26 1989
080 ## - UNIVERSAL DECIMAL CLASSIFICATION NUMBER
Universal Decimal Classification number 658.408 CAH
082 00 - DEWEY DECIMAL CLASSIFICATION NUMBER
Classification number 658.408 CAH
Edition number 20
100 1# - Rafti
Rafti 9
101 ## - Shkurtesa
Shkurtesa MJE
245 10 - TITLE STATEMENT
Title Environmental audits /
Statement of responsibility, etc Lawrence B. Cahill, editor, with Raymond W. Kane ; contributing authors, Courtney M. Price, Thomas A. Vetrano, Tapio Kuusinen.
504 ## - BIBLIOGRAPHY, ETC. NOTE
Bibliography, etc Includes bibliographical references.
906 ## - LOCAL DATA ELEMENT F, LDF (RLIN)
a 7
b cbc
c orignew
d 2
e opcn
f 19
g y-gencatlg
942 ## - ADDED ENTRY ELEMENTS (KOHA)
Source of classification or shelving scheme
Item type Books
Holdings
Withdrawn status Lost status Source of classification or shelving scheme Damaged status Not for loan Collection code Permanent location Current location Shelving location Date acquired Total Checkouts Full call number Barcode Date last seen Price effective from Koha item type
          Koleksioni i përgjithshem UBT - Lipjan UBT - Lipjan Koleksioni i përgjithshem 01/31/2018   658.408 CAH 002-2996830 01/31/2018 01/31/2018 Books
UBT Library © 2015-2024. All rights reserved University Education for Business and Technology